| 000 | 00697nam a22002411 4500 | ||
|---|---|---|---|
| 001 | 9075 | ||
| 003 | BD-RjUL | ||
| 005 | 20211208234719.0 | ||
| 008 | 140120s1966 nyua b 001 0 eng d | ||
| 035 | _a(BD-RjUL)9120 | ||
| 040 |
_aDLC/ICU _cICU _dDLC _dBD-RjUL _beng |
||
| 041 | _aeng | ||
| 082 | 0 | 0 |
_a537.16 _bSCP 1966 |
| 100 | 1 |
_aSchmidt, George, _d1926- _928174 |
|
| 245 | 1 | 0 |
_aPhysics of high temperature plasmas : _ban introduction / |
| 260 |
_aNew York; _aLondon : _bAcademic Press , _cc1966 |
||
| 300 |
_aix, 340 p. _billus. _c23 cm. |
||
| 504 | _aIncludes bibliographies. | ||
| 650 | 0 |
_aHigh temperature plasmas. _928175 |
|
| 942 |
_2ddc _cBK |
||
| 999 |
_c9075 _d9075 |
||